| 000 | 00690nam a2200205Ia 4500 | ||
|---|---|---|---|
| 005 | 20250508153441.0 | ||
| 008 | 008 250505s9999 xx 000 0 eng d | ||
| 037 | _aBooks to be hide in OPAC | ||
| 040 |
_aFEDL _beng _cFEDL |
||
| 041 |
_aeng _2eng |
||
| 084 |
_a374, UNI/O _qFEDL |
||
| 245 | 0 | _aDistributive education for adults guide for part-time instructors | |
| 245 | 0 | _cU S Department of Health, Education and Welfare | |
| 260 |
_aWashington, USA _bU.S. Government Printing Office _c1955 |
||
| 300 | _a20p | ||
| 490 | _aDistributive education series; 21 | ||
| 546 | _aVocational division bulletin No. 259 | ||
| 942 |
_cHB _h374, UNI/O |
||
| 999 |
_c1342969 _d1342969 |
||